Nursing research : (Record no. 9587)
[ view plain ]
| 000 -LEADER | |
|---|---|
| fixed length control field | 00704nam a22002292 4500 |
| 001 - CONTROL NUMBER | |
| control field | 0000021197 |
| 005 - DATE AND TIME OF LATEST TRANSACTION | |
| control field | 20151217152227.0 |
| 008 - FIXED-LENGTH DATA ELEMENTS--GENERAL INFORMATION | |
| fixed length control field | 120202s xx 000 0 eng d |
| 020 ## - INTERNATIONAL STANDARD BOOK NUMBER | |
| International Standard Book Number | 1412912099 : |
| 040 ## - CATALOGING SOURCE | |
| Original cataloging agency | KABU |
| Transcribing agency | KABU |
| 100 1# - MAIN ENTRY--PERSONAL NAME | |
| Personal name | Moule, Pam. |
| -- | 0000181923 |
| 245 10 - TITLE STATEMENT | |
| Title | Nursing research : |
| Remainder of title | an introduction / |
| Statement of responsibility, etc. | Pam Moule and Margaret Goodman. |
| 250 ## - EDITION STATEMENT | |
| Edition statement | 1st ed. |
| 260 ## - PUBLICATION, DISTRIBUTION, ETC. (IMPRINT) | |
| Place of publication, distribution, etc. | London : |
| Name of publisher, distributor, etc. | Sage, |
| Date of publication, distribution, etc. | 2009. |
| 300 ## - PHYSICAL DESCRIPTION | |
| Extent | xxvi, 402 p. |
| 650 #0 - SUBJECT ADDED ENTRY--TOPICAL TERM | |
| Topical term or geographic name as entry element | Nursing |
| General subdivision | Research. |
| -- | 0000179790 |
| 650 #0 - SUBJECT ADDED ENTRY--TOPICAL TERM | |
| Topical term or geographic name as entry element | Nursing |
| General subdivision | Research |
| -- | Methodology. |
| -- | 0000181924 |
| 700 1# - ADDED ENTRY--PERSONAL NAME | |
| Personal name | Goodman, Margaret. |
| -- | 0000181925 |
| 852 1# - LOCATION | |
| -- | p4990.40 KES |
| 908 ## - PUT COMMAND PARAMETER (RLIN) | |
| Put command parameter | 120202 |
| 950 ## - LOCAL HOLDINGS (RLIN) | |
| -- | 1 |
| Withdrawn status | Lost status | Source of classification or shelving scheme | Not for loan | Home library | Current library | Date acquired | Total Checkouts | Full call number | Barcode | Date last seen | Date last checked out | Price effective from | Koha item type |
|---|---|---|---|---|---|---|---|---|---|---|---|---|---|
| Library of Congress Classification | Kabarak, Main Campus | Kabarak, Main Campus | 17/12/2015 | 5 | RT81.5 .M68 2007 c. 1 | 20535 | 26/10/2021 | 05/10/2021 | 17/12/2015 | General Collection |